[Event "CRO-chT3 Center-A"]
[Site "Zagreb"]
[Date "2011.10.23"]
[Round "10.52"]
[White "Materni, Anton"]
[Black "Zelic, Branko"]
[Result "0-1"]
[WhiteElo "2093"]
[BlackElo "2348"]
[PlyCount "82"]
[EventDate "2011.03.13"]
[EventType "team-tourn"]
[EventRounds "11"]
[EventCountry "CRO"]
[SourceTitle "EXT 2014"]
[Source "ChessBase"]
[SourceDate "2013.11.20"]
[SourceVersion "1"]
[SourceVersionDate "2013.11.20"]
[SourceQuality "1"]

1. e4 c6 2. d4 d5 3. Bd3 dxe4 4. Bxe4 Nf6 5. Bf3 Bf5 6. Ne2 e6 7. Nd2 Bd6 8. Nc4 Bc7 9. Bf4 Nd5 10. Bxc7 Qxc7 11. c3 Nd7 12. Qd2 0-0 13. Ne3 Bg6 14. Nxd5 exd5 15. 0-0 Nf6 16. Ng3 a5 17. Rfe1 a4 18. h4 h6 19. Re5 a3 20. b4 Rfe8 21. Rae1 Rxe5 22. dxe5 Nd7 23. e6 Ne5 24. exf7+ Bxf7 25. Bd1 Re8 26. f4 Nc4 27. Rxe8+ Bxe8 28. Qf2 Qe7 29. Nf5 Qf6 30. Nd4 Nd6 31. Bc2 Ne4 32. Qe3 Bg6 33. g3 b6 34. Bb3 Bf7 35. Ne2 c5 36. bxc5 bxc5 37. Bc2 Qb6 38. Bb3 Qb5 39. f5 c4 40. Bc2 Qb2 41. Bxe4 dxe4 0-1

[Event "CRO-chT3 Center-A"]
[Site "Zagreb"]
[Date "2011.10.16"]
[Round "8.44"]
[White "Materni, Anton"]
[Black "Vajic, Hrvoje"]
[Result "1/2-1/2"]
[WhiteElo "2093"]
[BlackElo "2079"]
[PlyCount "150"]
[EventDate "2011.03.13"]
[EventType "team-tourn"]
[EventRounds "11"]
[EventCountry "CRO"]
[SourceTitle "EXT 2014"]
[Source "ChessBase"]
[SourceDate "2013.11.20"]
[SourceVersion "1"]
[SourceVersionDate "2013.11.20"]
[SourceQuality "1"]

1. e4 c5 2. Nf3 e6 3. Nc3 d6 4. Bb5+ Nd7 5. d4 cxd4 6. Qxd4 a6 7. Be2 Ngf6 8. 0-0 Qc7 9. Bg5 Be7 10. Rfe1 0-0 11. Rad1 b5 12. Bf1 Bb7 13. a3 Rfd8 14. Bd3 Rac8 15. Qe3 Nb6 16. Qc1 Nc4 17. Nb1 Qc5 18. b3 Ne5 19. Nxe5 Qxe5 20. Qf4 Qxf4 21. Bxf4 d5 22. e5 Nd7 23. f3 Nc5 24. Bf1 d4 25. h3 Rd7 26. b4 Na4 27. Bd3 Nb6 28. Kf2 Nc4 29. Bc1 Rcd8 30. Nd2 Ne3 31. Rxe3 dxe3+ 32. Kxe3 Bd5 33. Rf1 Rc8 34. Bb2 Bd8 35. Bd4 Rc6 36. Ne4 Bxe4 37. Kxe4 Bb6 38. Bb2 Rc8 39. f4 Rcd8 40. Rd1 Rd5 41. g4 Bd4 42. Bc1 Kf8 43. Kf3 Bb6 44. Bb2 Ke7 45. h4 h6 46. h5 Bd4 47. Bc1 Bb6 48. Bb2 Bd4 49. Bc1 Bc3 50. Ke3 f6 51. exf6+ gxf6 52. Kf3 e5 53. fxe5 Rxe5 54. Bxh6 Re1 55. Rxe1+ Bxe1 56. Bc1 Bh4 57. h6 Kf7 58. h7 Kg7 59. Bb2 Re8 60. Be4 Re7 61. Bd4 Bg5 62. Bb2 Bh4 63. Bd4 Bg5 64. c3 Rd7 65. Ke2 Re7 66. Kd3 Rc7 67. Bf5 Bh4 68. Bc5 Bg3 69. c4 Rc6 70. cxb5 axb5 71. Bd7 Ra6 72. Bxb5 Rxa3+ 73. Kc4 Kxh7 74. Bd7 Ra1 75. Bf5+ Kg7 1/2-1/2

[Event "SLO-chT West"]
[Site "Bled"]
[Date "2001.11.18"]
[Round "4"]
[White "Materni, Anton"]
[Black "Kosmac, Blaz"]
[Result "0-1"]
[WhiteElo "2132"]
[BlackElo "2140"]
[PlyCount "76"]
[EventDate "2001.11.18"]
[EventType "team"]
[EventRounds "7"]
[EventCountry "SLO"]
[SourceTitle "EXT 2003"]
[Source "ChessBase"]
[SourceDate "2002.11.25"]
[SourceVersion "1"]
[SourceVersionDate "2002.11.25"]
[SourceQuality "1"]

1. e4 c5 2. Nf3 e6 3. Nc3 a6 4. a4 Nc6 5. b3 d5 6. exd5 exd5 7. Bb2 Nf6 8. Be2 d4 9. Nb1 Be7 10. 0-0 0-0 11. Na3 Nd5 12. Re1 Nf4 13. Bf1 Bg4 14. h3 Bh5 15. d3 Qd5 16. g4 Bg6 17. Bc1 f5 18. Nc4 Rae8 19. Nfe5 fxg4 20. Bxf4 Rxf4 21. Bg2 Qd8 22. Nxg6 hxg6 23. hxg4 Ref8 24. f3 Bh4 25. Re6 Bg3 26. Qe2 Qh4 27. Re8 Qh2+ 28. Kf1 Rxf3+ 29. Qxf3 Rxe8 30. Qd5+ Kh7 31. Qf7 Re2 32. Kxe2 Qxg2+ 33. Kd1 Qg1+ 34. Ke2 Qxa1 35. Qf1 Qxf1+ 36. Kxf1 Nb4 37. Na5 b6 38. Nb7 a5 0-1